[Event "?"]
[Site "ICS rated blitz match, 164.58"]
[Date "1997.??.??"]
[Round "?"]
[White "Brause"]
[Black "megagurka"]
[Result "1-0"]
[WhiteElo "2385"]
[BlackElo "2830"]
[PlyCount "25"]

1. e4 e5 2. Nf3 Nc6 3. Nc3 Nf6 4. Nxe5 Nxe5 5. d4 Ng6 6. e5 Ng8 7. Bc4 d6 8.
Qf3 Be6 9. Qxb7 Bxc4 10. Qc6+ Ke7 11. exd6+ cxd6 12. Qxc4 Rc8 13. Qe2+ 1-0

[Event "?"]
[Site "ICS rated blitz match, 164.58"]
[Date "1997.??.??"]
[Round "?"]
[White "Brause"]
[Black "Ricks"]
[Result "1-0"]
[WhiteElo "2370"]
[BlackElo "2480"]
[PlyCount "45"]

1. e4 e5 2. Nf3 Nc6 3. Nc3 Nf6 4. Nxe5 Nxe5 5. d4 Neg4 6. e5 d6 7. exf6 Qxf6 8.
Qe2+ Be7 9. Nd5 Qg5 10. Bxg5 O-O 11. Nxe7+ Kh8 12. Nxc8 Raxc8 13. Qxg4 Rfe8+
14. Be2 c5 15. O-O-O cxd4 16. Rxd4 f6 17. Bf4 Rc6 18. Bb5 h5 19. Qxh5+ Kg8 20.
Qxe8+ Kh7 21. Bd3+ g6 22. Qxg6+ Kh8 23. Qh7# 1-0

[Event "?"]
[Site "ICS rated blitz match, 164.58"]
[Date "1997.??.??"]
[Round "?"]
[White "Brause"]
[Black "fweep"]
[Result "1-0"]
[WhiteElo "2365"]
[BlackElo "1915"]
[PlyCount "42"]

1. e4 e5 2. Nf3 Nc6 3. Nc3 Nf6 4. Nxe5 Nxe5 5. d4 Ng6 6. e5 Ng8 7. Bc4 d5 8.
Bxd5 c6 9. Bb3 Bb4 10. O-O f6 11. Qd3 fxe5 12. Bxg8 Rxg8 13. Qc4 Rf8 14. Qxb4
Qxd4 15. Qb3 b5 16. Be3 Qc4 17. Qxc4 bxc4 18. Bc5 Rf5 19. Ne4 Kd7 20. Rfd1+ Kc7
21. Nd6 Rf4 1-0

[Event "?"]
[Site "ICS rated blitz match, 164.58"]
[Date "1997.??.??"]
[Round "?"]
[White "Brause"]
[Black "fweep"]
[Result "1-0"]
[WhiteElo "2365"]
[BlackElo "1910"]
[PlyCount "51"]

1. e4 e5 2. Nf3 Nc6 3. Nc3 Nf6 4. Nxe5 Nxe5 5. d4 Nc6 6. d5 Nb4 7. a3 Na6 8. e5
Ng8 9. Qf3 f6 10. Bxa6 bxa6 11. O-O Bb7 12. Bf4 Be7 13. Qg3 g5 14. Rfe1 d6 15.
exf6 Nxf6 16. Bxg5 Kf7 17. Qh3 Bc8 18. Qd3 h6 19. Bd2 Bb7 20. Re2 Qd7 21. Rae1
Rae8 22. Be3 Bc8 23. f3 Rhg8 24. Bxh6 Qh3 25. Bf4 Qh7 26. Qc4 1-0

[Event "?"]
[Site "ICS rated blitz match, 164.58"]
[Date "1997.??.??"]
[Round "?"]
[White "Brause"]
[Black "pmac"]
[Result "0-1"]
[WhiteElo "2370"]
[BlackElo "2075"]
[PlyCount "108"]

1. e4 e5 2. Nf3 Nc6 3. Nc3 Nf6 4. Nxe5 Nxe5 5. d4 Ng6 6. e5 Ng8 7. Bc4 Bb4 8.
Qf3 Bxc3+ 9. bxc3 Qe7 10. O-O Nh6 11. g3 O-O 12. Qh5 d6 13. Bxh6 gxh6 14. f4
dxe5 15. f5 Qg5 16. Qxg5 hxg5 17. fxg6 hxg6 18. Rae1 Bh3 19. Rf6 Kg7 20. dxe5
Rae8 21. Re4 Bf5 22. Re2 g4 23. Bd3 Rxe5 24. Rxg6+ fxg6 25. Rxe5 Kf6 26. Rb5 b6
27. Rb4 Rd8 28. Rd4 Rxd4 29. cxd4 Bxd3 30. cxd3 Ke6 31. Kf2 Kd5 32. Ke3 g5 33.
Ke2 Kxd4 34. Kd2 c5 35. Kc2 b5 36. Kd2 a5 37. Kc2 a4 38. Kd2 b4 39. Kc2 Ke3 40.
Kc1 Kxd3 41. Kb1 c4 42. Kc1 c3 43. Kd1 b3 44. axb3 axb3 45. Kc1 b2+ 46. Kb1 c2+
47. Kxb2 Kd2 48. Ka3 c1=Q+ 49. Kb4 Qc6 50. h3 gxh3 51. g4 h2 52. Ka5 Qb7 53.
Ka4 h1=Q 54. Ka3 Qa1# 0-1

[Event "?"]
[Site "ICS rated blitz match, 164.58"]
[Date "1997.??.??"]
[Round "?"]
[White "Brause"]
[Black "oldtimer"]
[Result "0-1"]
[WhiteElo "2360"]
[BlackElo "2130"]
[PlyCount "170"]

1. e4 e5 2. Nf3 Nc6 3. Nc3 Nf6 4. Nxe5 Nxe5 5. d4 Ng6 6. e5 Ng8 7. Bc4 Bb4 8.
Qf3 Qe7 9. O-O Bxc3 10. bxc3 Nh6 11. g3 O-O 12. Qh5 Kh8 13. Bxh6 gxh6 14. f4 f5
15. Qxh6 Qg7 16. Qxg7+ Kxg7 17. Rae1 c6 18. Rf2 d5 19. exd6 Rd8 20. Rfe2 Rxd6
21. Re8 b5 22. Be6 Bb7 23. Rxa8 Bxa8 24. Bxf5 Kf7 25. Be4 Bb7 26. Kf2 Bc8 27.
Ke3 Ne7 28. Bxh7 Rh6 29. Be4 Rxh2 30. Rh1 Rxh1 31. Bxh1 Nd5+ 32. Kd2 Bg4 33.
Be4 Ke7 34. a3 Kd6 35. Bd3 Nb6 36. Kc1 a5 37. Kb2 a4 38. Ka1 Nc4 39. Kb1 Nxa3+
40. Kb2 Nc4+ 41. Bxc4 bxc4 42. Ka3 Bf5 43. Kxa4 Bxc2+ 44. Ka5 Bf5 45. Kb6 Bc8
46. Ka5 Be6 47. Ka6 Bd5 48. Kb6 Bf3 49. Ka5 Ke6 50. Kb4 Kd5 51. f5 Bg4 52. f6
Bh5 53. g4 Bg6 54. Ka5 Ke6 55. Kb6 Kd6 56. g5 Bh5 57. Ka5 c5 58. dxc5+ Kxc5 59.
Ka6 Bg6 60. Kb7 Kd5 61. Kb6 Be8 62. Kc7 Ke6 63. Kc8 Bg6 64. Kd8 Kf5 65. Ke7
Kxg5 66. Ke6 Kf4 67. Kd5 Bf7+ 68. Kd6 Ke4 69. Ke7 Bh5 70. Kf8 Kd3 71. Kg7 Kxc3
72. Kh6 Be8 73. Kg7 Kd4 74. Kf8 Bc6 75. f7 Bd5 76. Ke7 Bxf7 77. Kxf7 Ke5 78.
Kg6 c3 79. Kg5 c2 80. Kg4 c1=Q 81. Kg3 Qd2 82. Kf3 Kf5 83. Kg3 Qe2 84. Kh3 Kf4
85. Kh4 Qh2# 0-1

[Event "?"]
[Site "ICS rated blitz match, 164.58"]
[Date "1997.??.??"]
[Round "?"]
[White "Brause"]
[Black "Hitchcock"]
[Result "1-0"]
[WhiteElo "2350"]
[BlackElo "2230"]
[PlyCount "24"]

1. e4 e5 2. Nf3 Nc6 3. Nc3 Nf6 4. Nxe5 Nxe5 5. d4 Ng6 6. e5 Ng8 7. Bc4 Bb4 8.
Qf3 Qe7 9. O-O Bxc3 10. bxc3 c6 11. a4 b6 12. Ba3 Qxa3 1-0

[Event "?"]
[Site "ICS rated blitz match, 164.58"]
[Date "1997.??.??"]
[Round "?"]
[White "Brause"]
[Black "Hitchcock"]
[Result "1-0"]
[WhiteElo "2345"]
[BlackElo "2235"]
[PlyCount "30"]

1. e4 Nc6 2. Nf3 e5 3. Nc3 Nf6 4. Nxe5 Nxe5 5. d4 Nc6 6. d5 Nb8 7. e5 Ng8 8. d6
c6 9. Bc4 g6 10. Qf3 f5 11. exf6 Qxf6 12. Qe2+ Kd8 13. Ne4 Qe5 14. Bg5+ Ne7 15.
Bf6 Qa5+ 1-0

[Event "?"]
[Site "ICS rated blitz match, 164.58"]
[Date "1997.??.??"]
[Round "?"]
[White "Brause"]
[Black "oldtimer"]
[Result "1/2-1/2"]
[WhiteElo "2370"]
[BlackElo "2130"]
[PlyCount "155"]

1. e4 e5 2. Nf3 Nc6 3. Nc3 Nf6 4. Nxe5 Nxe5 5. d4 Ng6 6. e5 Ng8 7. Bc4 Bb4 8.
Qf3 Qe7 9. O-O Bxc3 10. bxc3 Nh6 11. g3 O-O 12. Qh5 Kh8 13. Bxh6 gxh6 14. f4 f5
15. Qxh6 Qg7 16. Qxg7+ Kxg7 17. Rae1 c6 18. Rf2 b5 19. Bd3 h5 20. c4 bxc4 21.
Bxc4 Rb8 22. Bd3 d5 23. exd6 Rd8 24. Rfe2 Rxd6 25. Re8 Rf6 26. c3 Rf8 27. Rxf8
Kxf8 28. Be2 Rb2 29. Bxh5 Ne7 30. Re2 Rxe2 31. Bxe2 Nd5 32. c4 Nc3 33. Bf3 Bd7
34. a3 Nb1 35. d5 cxd5 36. Bxd5 Nxa3 37. Kf2 Ke7 38. c5 a5 39. Ke2 Nb5 40. Kd3
Nc7 41. Bg2 Be6 42. h4 a4 43. Kc2 Nb5 44. Bf1 Nd4+ 45. Kb2 Kf6 46. Ka3 Bd7 47.
Kb4 Ne6 48. Bd3 Ng7 49. Bc2 Nh5 50. Bxa4 Bxa4 51. Kxa4 Ke6 52. Kb5 Kd7 53. Kb6
Kc8 54. Kc6 Nxg3 55. Kd6 Kd8 56. Ke6 Kc7 57. Kf6 Kc6 58. Kg5 Kxc5 59. h5 Nxh5
60. Kxh5 Kd5 61. Kg6 Ke6 62. Kg5 Ke7 63. Kxf5 Kf7 64. Ke5 Ke7 65. Ke4 Ke6 66.
f5+ Kf6 67. Kf4 Kf7 68. Kg3 Kf6 69. Kg4 Kf7 70. Kf4 Kf6 71. Ke4 Kf7 72. Ke5 Ke7
73. f6+ Kf7 74. Kf5 Kf8 75. Ke5 Kf7 76. Kf5 Kf8 77. Ke5 Kf7 78. Kf5 1/2-1/2

[Event "?"]
[Site "ICS rated blitz match, 164.58"]
[Date "1997.??.??"]
[Round "?"]
[White "gsc"]
[Black "Brause"]
[Result "0-1"]
[WhiteElo "2830"]
[BlackElo "2300"]
[PlyCount "44"]

1. e4 e5 2. Nf3 Nc6 3. Nc3 Nf6 4. Nxe5 Nxe5 5. d4 Nc6 6. e5 Ng8 7. Bc4 d6 8.
Qf3 Qe7 9. Bg5 Nxd4 10. Bxe7 Nxf3+ 11. gxf3 Kxe7 12. exd6+ cxd6 13. O-O-O Be6
14. Rhe1 Nf6 15. f4 Kd7 16. Bb5+ Kc7 17. f5 Bxf5 18. Nd5+ Nxd5 19. Rxd5 Be6 20.
Rd4 d5 21. Re3 Bc5 22. Rc3 Kb6 0-1

[Event "?"]
[Site "ICS rated blitz match, 208.19"]
[Date "1997.??.??"]
[Round "?"]
[White "Brause"]
[Black "StephenTaylor"]
[Result "1-0"]
[WhiteElo "2500"]
[BlackElo "2105"]
[PlyCount "47"]

1. e4 e5 2. Nf3 Nc6 3. Nc3 Nf6 4. Nxe5 Nxe5 5. d4 Nc6 6. d5 Ne5 7. f4 Ng6 8. e5
Ng8 9. d6 cxd6 10. exd6 Qb6 11. Qe2+ Be7 12. Nb5 Kf8 13. dxe7+ N8xe7 14. Be3
Qf6 15. Qc4 a6 16. Nc7 Rb8 17. O-O-O b5 18. Qc5 Nxf4 19. Rd6 Ne6 20. Nxe6+ fxe6
21. Bg5 Qf7 22. Qc7 Rb7 23. Qd8+ Qe8 24. Bxe7+ 1-0

[Event "?"]
[Site "ICS rated blitz match, 208.19"]
[Date "1997.??.??"]
[Round "?"]
[White "Brause"]
[Black "babulina"]
[Result "1-0"]
[WhiteElo "2535"]
[BlackElo "2280"]
[PlyCount "143"]

1. e4 e5 2. Nf3 Nc6 3. Nc3 Nf6 4. Nxe5 Nxe5 5. d4 Ng6 6. e5 Ng8 7. Bc4 Bb4 8.
Qf3 Qe7 9. O-O Bxc3 10. bxc3 Nh6 11. g3 O-O 12. Qh5 d6 13. Bxh6 gxh6 14. f4
dxe5 15. f5 Qg5 16. Qxg5 hxg5 17. fxg6 hxg6 18. Rae1 exd4 19. cxd4 Bh3 20. Rf2
Rad8 21. c3 Rd7 22. Re5 Kg7 23. Rb2 b6 24. Rxg5 f5 25. Bf1 Kf6 26. Rxg6+ Kxg6
27. Bxh3 Kg5 28. Re2 Rff7 29. Re5 Rde7 30. Rxe7 Rxe7 31. Kf2 a5 32. Bg2 Rf7 33.
h4+ Kf6 34. h5 Kg5 35. Bf3 f4 36. Be2 fxg3+ 37. Kxg3 Re7 38. Kf2 Re4 39. a3
Rf4+ 40. Bf3 c5 41. Ke3 cxd4+ 42. cxd4 Rh4 43. a4 Kf6 44. Bd1 Ke6 45. Kd3 Kd6
46. Kc4 Kc6 47. Bf3+ Kd6 48. Be2 Kc6 49. Kd3 Kd6 50. Bf3 Rh3 51. Ke4 Rh4+ 52.
Ke3 Rh3 53. Kf4 Rh4+ 54. Bg4 b5 55. Kg3 bxa4 56. Kxh4 a3 57. h6 a2 58. h7 a1=Q
59. h8=Q Qh1+ 60. Bh3 Qe1+ 61. Kg5 Qe3+ 62. Kg4 Qe4+ 63. Kg3 Qe3+ 64. Kh2 Qf2+
65. Bg2 Qf4+ 66. Kh3 Qe3+ 67. Kg4 Qe6+ 68. Kf4 a4 69. Qe5+ Qxe5+ 70. dxe5+ Ke7
71. Kf5 a3 72. Bd5 1-0

[Event "?"]
[Site "ICS rated blitz match, 208.19"]
[Date "1997.??.??"]
[Round "?"]
[White "Brause"]
[Black "babulina"]
[Result "1-0"]
[WhiteElo "2545"]
[BlackElo "2265"]
[PlyCount "58"]

1. e4 e5 2. Nf3 Nc6 3. Nc3 Nf6 4. Nxe5 Nxe5 5. d4 Ng6 6. e5 Ng8 7. Bc4 Bb4 8.
Qf3 Bxc3+ 9. bxc3 f6 10. O-O f5 11. Qxf5 d5 12. e6 Qe7 13. Bxd5 Nf6 14. Bc4 O-O
15. Ba3 Qxa3 16. e7+ Kh8 17. exf8=Q+ Qxf8 18. Qf3 c6 19. h3 Ne7 20. Rae1 Ned5
21. Re5 Qd6 22. Rb1 b6 23. Bxd5 cxd5 24. c4 Bb7 25. c5 Qd7 26. Qe3 bxc5 27. Re7
cxd4 28. Qe5 Re8 29. Rxe8+ Nxe8 1-0

[Event "?"]
[Site "ICS rated blitz match, 208.19"]
[Date "1997.??.??"]
[Round "?"]
[White "Brause"]
[Black "agro"]
[Result "1-0"]
[WhiteElo "2560"]
[BlackElo "2645"]
[PlyCount "119"]

1. e4 e5 2. Nf3 Nc6 3. Nc3 Nf6 4. Nxe5 Nxe5 5. d4 Nc6 6. d5 Ne5 7. f4 Ng6 8. e5
Ng8 9. d6 cxd6 10. exd6 Qf6 11. Nb5 Kd8 12. Be3 b6 13. Qd5 Qe6 14. Qxa8 Qxe3+
15. Kd1 Bxd6 16. g3 Nf6 17. Nxd6 Qd4+ 18. Bd3 Qxd6 19. Qxa7 Nd5 20. Kc1 Re8 21.
Rd1 Qc5 22. Kb1 Qb4 23. a3 Qc5 24. Qb8 Nge7 25. Ba6 f6 26. Rd2 Nc7 27. Bb7 Ncd5
28. Ka2 Qc7 29. Qxc7+ Nxc7 30. Bxc8 Kxc8 31. Re1 Nc6 32. Rxe8+ Nxe8 33. Kb3 Kc7
34. Kc4 Nd6+ 35. Kd3 b5 36. b3 Kb6 37. Ke3 Kc7 38. Kd3 f5 39. Ke3 g6 40. Rd1
Ne4 41. c4 bxc4 42. bxc4 d6 43. Rd5 Kb6 44. Rb5+ Ka6 45. Rb2 Ka5 46. Rb7 Ka4
47. Rc7 Na5 48. Ra7 Nc5 49. Rxh7 Nxc4+ 50. Kd4 Nxa3 51. Rh6 Nb5+ 52. Kc4 Ne4
53. Rxg6 Nec3 54. Rf6 d5+ 55. Kd3 d4 56. Kc4 Ka3 57. Rf8 Kb2 58. Kd3 Kb3 59.
Rxf5 Kb4 60. g4 1-0

[Event "?"]
[Site "ICS rated blitz match, 208.19"]
[Date "1997.??.??"]
[Round "?"]
[White "Brause"]
[Black "Buffos"]
[Result "1/2-1/2"]
[WhiteElo "2595"]
[BlackElo "2590"]
[PlyCount "31"]

1. e4 e5 2. Nf3 Nc6 3. Nc3 Nf6 4. Nxe5 Nxe5 5. d4 Ng6 6. e5 Ng8 7. Bc4 Bb4 8.
Qf3 Qe7 9. O-O Bxc3 10. bxc3 a5 11. a4 d6 12. Ba3 Nh4 13. Qf4 Ng6 14. Qf3 Nh4
15. Qf4 Ng6 16. Qf3 1/2-1/2

[Event "?"]
[Site "ICS rated blitz match, 208.19"]
[Date "1997.??.??"]
[Round "?"]
[White "Brause"]
[Black "Buffos"]
[Result "1-0"]
[WhiteElo "2545"]
[BlackElo "2595"]
[PlyCount "53"]

1. e4 e5 2. Nf3 Nc6 3. Nc3 Nf6 4. Nxe5 Nxe5 5. d4 Ng6 6. e5 Ng8 7. Bc4 Bb4 8.
Qf3 Qe7 9. O-O Bxc3 10. bxc3 Nh6 11. g3 O-O 12. a4 d6 13. exd6 cxd6 14. Bxh6
gxh6 15. Bd5 Qg5 16. Be4 Bg4 17. Qg2 Rac8 18. f4 Qh5 19. Bxb7 Rxc3 20. Qd2 Rc7
21. Rab1 Re7 22. Rf2 Rb8 23. Rb5 Qxb5 24. axb5 Rexb7 25. f5 Ne7 26. f6 Nf5 27.
Rxf5 1-0

[Event "?"]
[Site "ICS rated blitz match, 208.19"]
[Date "1997.??.??"]
[Round "?"]
[White "Brause"]
[Black "nyul"]
[Result "1-0"]
[WhiteElo "2520"]
[BlackElo "2115"]
[PlyCount "41"]

1. e4 e5 2. Nf3 Nc6 3. Nc3 Nf6 4. Nxe5 Nxe5 5. d4 Bb4 6. dxe5 Nxe4 7. Qg4 Nxc3
8. Qxb4 Nd5 9. Qg4 g6 10. Bg5 f6 11. exf6 Nxf6 12. Qb4 Qe7+ 13. Qxe7+ Kxe7 14.
O-O-O c6 15. Rd3 d5 16. Re3+ Be6 17. Bd3 h6 18. Bh4 g5 19. Rhe1 gxh4 20. Rxe6+
Kf7 21. Re7+ 1-0

[Event "?"]
[Site "ICS rated blitz match, 208.19"]
[Date "1997.??.??"]
[Round "?"]
[White "Brause"]
[Black "ELLI"]
[Result "1-0"]
[WhiteElo "2495"]
[BlackElo "2195"]
[PlyCount "73"]

1. e4 e5 2. Nf3 Nc6 3. Nc3 Nf6 4. Nxe5 Nxe5 5. d4 Ng6 6. e5 Ng8 7. Bc4 d5 8.
Bxd5 c6 9. Be4 Bb4 10. O-O N8e7 11. Ne2 O-O 12. c3 Ba5 13. Bg5 h6 14. Bxg6 fxg6
15. Qb3+ Kh7 16. Bh4 Qe8 17. Qa3 Nf5 18. Qxa5 Nxh4 19. Qb4 Qf7 20. d5 Nxg2 21.
e6 Qf3 22. Nd4 Qg4 23. f3 Qg5 24. Qxf8 Nh4+ 25. Kf2 Qg2+ 26. Ke3 Qg5+ 27. f4
Ng2+ 28. Kd2 Qh4 29. e7 Bh3 30. d6 c5 31. Qxa8 cxd4 32. e8=Q dxc3+ 33. bxc3 g5
34. Qh8+ Kg6 35. Qae8+ Kf5 36. Qhf8+ Kg4 37. Qe2# 1-0

[Event "?"]
[Site "ICS rated blitz match, 208.19"]
[Date "1997.??.??"]
[Round "?"]
[White "Brause"]
[Black "Tertius"]
[Result "1-0"]
[WhiteElo "2525"]
[BlackElo "2055"]
[PlyCount "31"]

1. e4 e5 2. Nf3 Nc6 3. Nc3 Nf6 4. Nxe5 Nxe5 5. d4 Ng6 6. e5 Ng8 7. Bc4 Bb4 8.
Qf3 Qe7 9. O-O Bxc3 10. bxc3 c6 11. a4 b6 12. Ba3 Qg5 13. Qxf7+ Kd8 14. Qxg7
Nh6 15. Bc1 Qe7 16. Bxh6 1-0

[Event "?"]
[Site "ICS rated blitz match, 208.19"]
[Date "1997.??.??"]
[Round "?"]
[White "Brause"]
[Black "nyul"]
[Result "1-0"]
[WhiteElo "2535"]
[BlackElo "2110"]
[PlyCount "37"]

1. e4 e5 2. Nf3 Nc6 3. Nc3 Nf6 4. Nxe5 Nxe5 5. d4 Bb4 6. dxe5 Nxe4 7. Qg4 Nxc3
8. Qxb4 Nd5 9. Qg4 g6 10. Bg5 f6 11. exf6 Nxf6 12. Qe2+ Kf7 13. O-O-O c6 14.
Rd6 Re8 15. Qc4+ Re6 16. Qxe6+ dxe6 17. Rxd8 b6 18. Rh8 Bb7 19. Bxf6 1-0

[Event "?"]
[Site "ICS rated blitz match, 208.19"]
[Date "1997.??.??"]
[Round "?"]
[White "Brause"]
[Black "El-Matador"]
[Result "1-0"]
[WhiteElo "2575"]
[BlackElo "2005"]
[PlyCount "25"]

1. e4 e5 2. Nf3 Nf6 3. Nc3 Nc6 4. Nxe5 Nxe5 5. d4 Nc6 6. d5 Nb4 7. a3 Na6 8. e5
Ng8 9. Qf3 d6 10. Bb5+ Bd7 11. e6 fxe6 12. dxe6 Bxb5 13. Qf7# 1-0

[Event "?"]
[Site "ICS rated blitz match, 208.19"]
[Date "1997.??.??"]
[Round "?"]
[White "Brause"]
[Black "laskertdf"]
[Result "1-0"]
[WhiteElo "2615"]
[BlackElo "2100"]
[PlyCount "45"]

1. e4 e5 2. Nf3 Nc6 3. Nc3 Nf6 4. Nxe5 Bb4 5. Nxc6 dxc6 6. d3 O-O 7. Be2 Bxc3+
8. bxc3 h6 9. O-O Nh7 10. Bf4 f5 11. e5 g5 12. Be3 Be6 13. Bc5 Rf7 14. Bd4 g4
15. f3 h5 16. Qd2 Qf8 17. fxg4 hxg4 18. Qf4 Qg7 19. Rad1 Ng5 20. Be3 Nh3+ 21.
gxh3 gxh3+ 22. Qg3 f4 23. Rxf4 1-0

[Event "?"]
[Site "ICS rated blitz match, 208.19"]
[Date "1997.??.??"]
[Round "?"]
[White "Brause"]
[Black "Kiriakos"]
[Result "1-0"]
[WhiteElo "2505"]
[BlackElo "2130"]
[PlyCount "112"]

1. e4 e5 2. Nf3 Nc6 3. Nc3 Nf6 4. Nxe5 Nxe5 5. d4 Ng6 6. e5 Be7 7. Bc4 O-O 8.
exf6 Bxf6 9. O-O d6 10. Be3 c6 11. Bd3 d5 12. b3 Be6 13. Qh5 Qd7 14. h3 Rfe8
15. Rae1 Re7 16. f4 Bxh3 17. Qxh3 Qxh3 18. gxh3 Rxe3 19. Rxe3 Bxd4 20. Nd1 Re8
21. Rff3 Nxf4 22. Rxf4 Bxe3+ 23. Nxe3 Rxe3 24. Ra4 a6 25. Rb4 b5 26. Rh4 g6 27.
Kf2 Re5 28. b4 f5 29. Rf4 Kg7 30. h4 Kf6 31. Rd4 h6 32. Kf3 Re1 33. Rf4 h5 34.
Kf2 Ra1 35. Ke3 Rxa2 36. Kd4 a5 37. Kc5 a4 38. Kxc6 a3 39. Rf1 Rb2 40. Kxb5 a2
41. Ra1 g5 42. hxg5+ Kxg5 43. Ka4 h4 44. Ka3 Rb1 45. Rxa2 h3 46. c3 Rd1 47. Ba6
Rg1 48. b5 Rg3 49. Kb4 Rg2 50. Ra1 h2 51. Rh1 f4 52. b6 f3 53. b7 Rb2+ 54. Kc5
Kf4 55. Bb5 Kg3 56. b8=Q+ Kg2 1-0

[Event "?"]
[Site "ICS rated blitz match, 208.19"]
[Date "1997.??.??"]
[Round "?"]
[White "Brause"]
[Black "Kiriakos"]
[Result "1-0"]
[WhiteElo "2510"]
[BlackElo "2125"]
[PlyCount "23"]

1. e4 e5 2. Nf3 Nc6 3. Nc3 Nf6 4. Nxe5 Nxe5 5. d4 Ng6 6. e5 Be7 7. Bc4 O-O 8.
exf6 Bxf6 9. O-O c6 10. Be3 d5 11. Bd3 Bf5 12. Bxf5 1-0

[Event "?"]
[Site "ICS rated blitz match, 208.19"]
[Date "1997.??.??"]
[Round "?"]
[White "Brause"]
[Black "Kiriakos"]
[Result "1-0"]
[WhiteElo "2515"]
[BlackElo "2120"]
[PlyCount "71"]

1. e4 e5 2. Nf3 Nc6 3. Nc3 Nf6 4. Nxe5 Nxe5 5. d4 Ng6 6. e5 Be7 7. Bc4 O-O 8.
exf6 Bxf6 9. O-O c6 10. Be3 d5 11. Bd3 Be6 12. b3 Qd7 13. Qe2 Rfe8 14. Na4 b6
15. Rae1 Bf5 16. Qd2 Re7 17. Re2 Rae8 18. Rfe1 Nh4 19. Bxf5 Nxf5 20. Kf1 g6 21.
c3 Bh4 22. Bf4 Rxe2 23. Rxe2 Rxe2 24. Qxe2 Bf6 25. Qd3 Qe6 26. Nb2 Nd6 27. g3
h5 28. f3 b5 29. Qe2 Be7 30. Qxe6 fxe6 31. Nd3 Nf7 32. Bb8 a6 33. Nf4 e5 34.
Nxg6 Ba3 35. dxe5 Bb2 36. Ne7+ 1-0

[Event "?"]
[Site "ICS rated blitz match, 208.19"]
[Date "1997.??.??"]
[Round "?"]
[White "Brause"]
[Black "Kiriakos"]
[Result "1-0"]
[WhiteElo "2520"]
[BlackElo "2115"]
[PlyCount "105"]

1. e4 e5 2. Nf3 Nc6 3. Nc3 Nf6 4. Nxe5 Nxe5 5. d4 Ng6 6. e5 Be7 7. Bc4 O-O 8.
exf6 Bxf6 9. O-O c6 10. Be3 d5 11. Bd3 Be6 12. b3 Qd7 13. Re1 Rfe8 14. Qd2 Bf5
15. Na4 b6 16. Re2 Re7 17. Rae1 Rae8 18. Nc3 Nh4 19. Bxf5 Nxf5 20. Qd3 c5 21.
Nb5 a6 22. Na3 Nxd4 23. Bxd4 Bxd4 24. Qxa6 g6 25. Rxe7 Rxe7 26. Qf1 Rxe1 27.
Qxe1 Bb2 28. Nb1 Qe6 29. Qxe6 fxe6 30. Nd2 Kf7 31. Kf1 e5 32. Ke2 Ke6 33. a4
Bc3 34. Nf3 h6 35. Kd3 Ba5 36. Ke3 g5 37. Ng1 Kf5 38. f3 Bc3 39. g4+ Ke6 40.
Ne2 Be1 41. Kd3 Bf2 42. Ng3 Bxg3 43. hxg3 Kd6 44. Ke3 Ke6 45. f4 gxf4+ 46. gxf4
exf4+ 47. Kxf4 d4 48. Ke4 Kf6 49. Kd5 Kg5 50. Kc6 Kxg4 51. Kxb6 h5 52. a5 h4
53. a6 1-0

[Event "?"]
[Site "ICS rated blitz match, 208.19"]
[Date "1997.??.??"]
[Round "?"]
[White "Brause"]
[Black "Skydiver"]
[Result "1-0"]
[WhiteElo "2510"]
[BlackElo "2040"]
[PlyCount "23"]

1. e4 e5 2. Nf3 Nc6 3. Nc3 Nf6 4. Nxe5 Nxe5 5. d4 Neg4 6. e5 Qe7 7. Be2 Nxe5 8.
dxe5 Qxe5 9. O-O Bc5 10. g3 O-O 11. Bf4 Qe4 12. Nxe4 1-0

[Event "?"]
[Site "ICS rated blitz match, 208.19"]
[Date "1997.??.??"]
[Round "?"]
[White "Brause"]
[Black "Skydiver"]
[Result "1-0"]
[WhiteElo "2515"]
[BlackElo "2050"]
[PlyCount "70"]

1. e4 e5 2. Nf3 Nc6 3. Nc3 Nf6 4. Nxe5 Nxe5 5. d4 Nc6 6. d5 Ne5 7. f4 Ng6 8. e5
Ng8 9. d6 cxd6 10. exd6 Nf6 11. Nb5 Qa5+ 12. Bd2 Qb6 13. Nc7+ Kd8 14. Nxa8 Qxd6
15. f5 Ne5 16. Bc3 b6 17. Qxd6 Bxd6 18. O-O-O Bb8 19. Re1 Re8 20. Bd4 Bb7 21.
Nxb6 axb6 22. Bxb6+ Bc7 23. Bd4 Ne4 24. Bb5 Nc6 25. Bxg7 f6 26. Bd3 Bf4+ 27.
Kb1 Nf2 28. Bxf6+ Ne7 29. Rxe7 Rxe7 30. Re1 Bd6 31. Re2 Nxd3 32. cxd3 Bd5 33.
a4 Ke8 34. Bxe7 Bxe7 35. f6 Bxg2 1-0

[Event "?"]
[Site "ICS rated blitz match, 208.19"]
[Date "1997.??.??"]
[Round "?"]
[White "Brause"]
[Black "oldtimer"]
[Result "0-1"]
[WhiteElo "2520"]
[BlackElo "2475"]
[PlyCount "154"]

1. e4 e5 2. Nf3 Nc6 3. Nc3 Nf6 4. Nxe5 Nxe5 5. d4 Ng6 6. e5 Ng8 7. Bc4 d5 8.
Bxd5 c6 9. Be4 f5 10. Bf3 Bb4 11. O-O Be6 12. a3 Bxc3 13. bxc3 N8e7 14. Bg5 h6
15. Be3 O-O 16. Bh5 Kh7 17. Rb1 Bc4 18. Be2 Bxe2 19. Qxe2 f4 20. Bd2 f3 21.
gxf3 b6 22. Qe4 Nf5 23. Rbe1 Qd5 24. f4 Qxe4 25. Rxe4 b5 26. f3 Rfd8 27. Be1
Nf8 28. Bf2 Ne6 29. Kh1 g6 30. Rb1 a6 31. h4 h5 32. Rc1 Rd5 33. Kg1 Rad8 34.
Rce1 c5 35. dxc5 Nxc5 36. c4 bxc4 37. Rxc4 Ne6 38. Kf1 R8d7 39. Ra4 a5 40. Rc4
Kg7 41. Rb1 Kf7 42. Ra4 Ke7 43. Rc1 Rb5 44. Rc4 Nfd4 45. Rd1 Nf5 46. Rxd7+ Kxd7
47. Kg1 Rb1+ 48. Kh2 Rb7 49. Kh3 Rc7 50. Ra4 Rxc2 51. Be1 Rc5 52. Bg3 Kc6 53.
Be1 Rb5 54. Rc4+ Kd5 55. Ra4 Nfd4 56. Kg3 Ne2+ 57. Kf2 N2d4 58. Kg3 Nc6 59. Bf2
Rb3 60. Be1 Nc5 61. Rxa5 Nxa5 62. Bxa5 Rxa3 63. Bd8 Ne6 64. Bb6 Kc4 65. Bg1 Kd3
66. Kf2 Ra2+ 67. Kg3 Ke2 68. Kg2 Ra3 69. f5 gxf5 70. Kh2 Kxf3 71. Bb6 Nf4 72.
Kg1 Ra1+ 73. Kh2 Ra2+ 74. Kh1 Kg3 75. Bd4 Nh3 76. Bg1 Ra1 77. e6 Nf2# 0-1

[Event "?"]
[Site "ICS rated blitz match, 208.19"]
[Date "1997.??.??"]
[Round "?"]
[White "Brause"]
[Black "oldtimer"]
[Result "0-1"]
[WhiteElo "2500"]
[BlackElo "2490"]
[PlyCount "178"]

1. e4 e5 2. Nf3 Nc6 3. Nc3 Nf6 4. Nxe5 Nxe5 5. d4 Ng6 6. e5 Ng8 7. Bc4 d5 8.
Bxd5 c6 9. Be4 f5 10. Bf3 Bb4 11. O-O Be6 12. a3 Bxc3 13. bxc3 N8e7 14. Qd3 b5
15. Bg5 Qd7 16. Rfe1 O-O 17. a4 a6 18. axb5 axb5 19. Rxa8 Rxa8 20. g3 Bc4 21.
Qd1 Qe6 22. Bd2 Nd5 23. Bg2 Nge7 24. Qh5 Qg6 25. Qf3 Ra2 26. Qd1 f4 27. Be4 Qf7
28. Qg4 Ra7 29. gxf4 g6 30. Kh1 Nb6 31. f5 Nxf5 32. Bxc6 Bd5+ 33. Bxd5 Qxd5+
34. f3 Qe6 35. Qe4 Qd5 36. Rb1 Ne7 37. Bg5 Qc4 38. Bxe7 Rxe7 39. Qd3 Nd5 40.
Rxb5 Qxd3 41. cxd3 Nxc3 42. Rb2 Kf7 43. Rb6 Ne2 44. Rd6 Nc1 45. Kg2 Nxd3 46.
Rc6 Kg7 47. Kf1 Rd7 48. Rc4 Nf4 49. Kf2 Nd5 50. Ke2 Kf7 51. Kd3 Ne7 52. Rc5 Ke6
53. Ke4 Rd5 54. Rc4 Ra5 55. f4 Kd7 56. Rc2 Ra1 57. Rc3 Re1+ 58. Re3 Rxe3+ 59.
Kxe3 Ke6 60. Ke4 Nd5 61. h3 h6 62. h4 h5 63. Kf3 Kf5 64. Kg3 Nxf4 65. Kf3 Nd5
66. e6 Kxe6 67. Ke4 Kd6 68. Kf3 Ke7 69. Kg3 Ke6 70. Kf3 Kf5 71. Kg3 Ke4 72. Kf2
Kxd4 73. Kf3 Kd3 74. Kg3 Ke3 75. Kg2 Ne7 76. Kg1 Nf5 77. Kf1 Nxh4 78. Kg1 Ke2
79. Kh2 g5 80. Kg1 Nf5 81. Kg2 g4 82. Kg1 Ne3 83. Kh2 h4 84. Kg1 g3 85. Kh1 h3
86. Kg1 Ng4 87. Kh1 Ne5 88. Kg1 Nf3+ 89. Kh1 g2# 0-1